00974nam a2200253Ia 4500001000900000003000500009005001700014008004100031010001100072040000900083082002400092110006900116245012700185260009000312300001000402650003900412650005000451650003200501650006000533650002900593650002500622700003700647700003600684dia_2035CHAP20251023152340.0220117s1970 xx 000 0 und d a172573 cCHAP a634.980972 C36 1970 aCámara Nacional de las Industrias Derivadas de la Silvicultura aMemoria económica 1969-1970 /c dirección Ernestina Vidal Arteaga ; colaboración Roberto Flores Becerril...[et al.] aMéxico :b Cámara Nacional de las Industrias Derivadas de la Silvicultura,c1970 a74 p. aEstadística forestalxMéxico  aForest productsxEconomical aspectsxMexico  aForest statisticsxMexico  aProductos forestalesxAspectos económicosxMéxico  aSilviculturaxMéxico  aSilviculturexMexico aFlores Becerril, Roberto, colab. aVidal Arteaga, Ernestina, dir.